Globalisasi di Malaysia

Main Author: Lukman Z. Mohamad
Other Authors: Azmi Abdul Manaf
Published: KL: Utusan, 2003.
Subjects:
LEADER 00687cam a2200193 7i4500
001 0000036060
005 20080128090000.0
008 070227s2003 my
020 # 0 |a 967611393X  
090 0 0 |a HN 700.6 .A8   |b L8 2003 
100 0 # |a Lukman Z. Mohamad  
245 1 0 |a Globalisasi di Malaysia   |c Lukman Z. Mohamad & Azmi Abdul Manaf. 
260 # # |a KL:   |b Utusan,   |c 2003. 
300 # # |a ix, 243 p.:   |b ill.;   |c 24 cm.. 
650 0 0 |a Globalization --   |x Social aspects --   |z Malaysia  
650 0 0 |a Globalization --   |x Economic aspects --   |z Malaysia  
700 0 1 |a Azmi Abdul Manaf  
999 |a 1100023204  |b Book  |c Open Shelf  |e KOLEKSI TERBUKA 
999 |a 1100023214  |b Book  |c Open Shelf  |e KOLEKSI TERBUKA